Catálogo
 En Linea

"El futuro de la industria dominicana: un reto nacional". / (Registro nro. 54126)

Detalles MARC
000 -CABECERA
campo de control de longitud fija 01993nam a2200313 i 4500
003 - IDENTIFICADOR DEL NÚMERO DE CONTROL
campo de control DO-SdBNP
005 - FECHA Y HORA DE LA ÚLTIMA TRANSACCIÓN
campo de control 20260305073952.0
006 - CÓDIGOS DE INFORMACIÓN DE LONGITUD FIJA--CARACTERÍSTICAS DEL MATERIAL ADICIONAL
campo de control de longitud fija a||||gr|||| 00| 0
007 - CAMPO FIJO DE DESCRIPCIÓN FÍSICA--INFORMACIÓN GENERAL
campo de control de longitud fija ta
008 - DATOS DE LONGITUD FIJA--INFORMACIÓN GENERAL
campo de control de longitud fija 230706b1993 dr ac||| |||| 00| e eng d
040 ## - FUENTE DE LA CATALOGACIÓN
Centro catalogador/agencia de origen DO-SdBNP
Lengua de catalogación spa
Centro/agencia transcriptor BNPHU
Normas de descripción rda
082 #4 - NÚMERO DE LA CLASIFICACIÓN DECIMAL DEWEY
Número de edición 22
Número de documento/Ítem F996f
245 03 - MENCIÓN DE TÍTULO
Título "El futuro de la industria dominicana: un reto nacional". /
246 04 - FORMA VARIANTE DE TÍTULO
Título propio/Titulo breve "El futuro de la industria dominicana: un reto nacional":
Resto del título 1992
264 #1 - PRODUCCIÓN, PUBLICACIÓN, DISTRIBUCIÓN, FABRICACIÓN Y COPYRIGHT
Producción, publicación, distribución, fabricación y copyright Santo Domingo :
Nombre del de productor, editor, distribuidor, fabricante ANJE,
Fecha de producción, publicación, distribución, fabricación o copyright 1993
300 ## - DESCRIPCIÓN FÍSICA
Extensión 186 páginas :
Otras características físicas Ilustraciones, retratos ;
Dimensiones 21 cm
336 ## - TIPO DE CONTENIDO
Fuente rdaconten
Término de tipo de contenido texto
Código de tipo de contenido txt
337 ## - TIPO DE MEDIO
Fuente rdamedia
Nombre/término del tipo de medio sin medición
Código del tipo de medio n
338 ## - TIPO DE SOPORTE
Fuente rdacarrier
Nombre/término del tipo de soporte volumen
Código del tipo de soporte nc
505 ## - NOTA DE CONTENIDO CON FORMATO
Nota de contenido con formato Palabras de bienvenida. /
Mención de responsabilidad Juan Bancalart Brugal.--
Título La Industria Dominicana: Evolución y Perspectivas. /
Mención de responsabilidad Frank Moya Pons.--
Título Retos y porvenir de la Agroindustria Nacional. /
Mención de responsabilidad Ing. Marto Cabrera.--
Título Los retos de la nueva industrialización: los enlaces industriales y la reestructuración industrial. /
Mención de responsabilidad Ing. Jorge Abbott.-- Comentarios de Celso Marranzini.-- Elena Viyella de Paliza.-- Andrés Dauhajre, hijo.-- José Miguel Banetti.-- Preguntas y respuestas.--
Título La Estabilidad finaciera y Cambiaria, y el Desarrollo Industrial. /
Mención de responsabilidad Lic. Julio C. Libre.--
Título La Inversión extrangera y el Desarrollo Industrial Dominicano. /
Mención de responsabilidad Carlos Despradel.--
Título El Desarrollo de la Industrial Dominicana. /
Mención de responsabilidad Ing. George Arzano Brugal.-- Comentarios de: José Luis de Ramón.-- Abel Wachsmann.-- Ricardo Valdez Albizu.-- Randolph Fleming.-- Luis Sánchez Noble.-- Preguntas y respuestas.--
Título Palabras de Clausura del Seminario ANJE '92. /
Mención de responsabilidad Rafael del todo Gómez.--
590 ## - NOTA LOCAL (RLIN)
Nota local Inventariado 2023 / MF
700 1# - PUNTO DE ACCESO ADICIONAL--NOMBRE DE PERSONA
Nombre de persona Bancalart Brugal, Juan
9 (RLIN) 83721
700 1# - PUNTO DE ACCESO ADICIONAL--NOMBRE DE PERSONA
Nombre de persona Moya Pons, Frank,
Fechas asociadas al nombre 1944-
9 (RLIN) 2095
700 1# - PUNTO DE ACCESO ADICIONAL--NOMBRE DE PERSONA
Nombre de persona Cabrera, Marto
9 (RLIN) 83722
700 1# - PUNTO DE ACCESO ADICIONAL--NOMBRE DE PERSONA
Nombre de persona Abbott, Jorge
9 (RLIN) 83723
700 1# - PUNTO DE ACCESO ADICIONAL--NOMBRE DE PERSONA
Nombre de persona Llibre, Julio C.
9 (RLIN) 83724
710 2# - PUNTO DE ACCESO ADICIONAL--NOMBRE DE ENTIDAD CORPORATIVA
Nombre de entidad corporativa o nombre de jurisdicción como elemento de entrada Asociación Nacional de Jóvenes Empresarios (República Dominicana)
9 (RLIN) 18693
942 ## - ELEMENTOS DE PUNTO DE ACCESO ADICIONAL (KOHA)
Fuente del sistema de clasificación o colocación Dewey Decimal Classification
Tipo de ítem Koha Libro
Existencias
Estado de retiro Estado de pérdida Fuente del sistema de clasificación o colocación Restricciones de uso No para préstamo Código de colección Localización permanente Ubicación/localización actual Ubicación en estantería Fecha de adquisición Fuente de adquisición Total de préstamos Signatura topográfica completa Código de barras Fecha visto por última vez Precio válido a partir de Tipo de ítem Koha Número de copia
    Dewey Decimal Classification Excluido de préstamo   Patrimonio Dominicano Biblioteca Nacional Pedro Henríquez Ureña Biblioteca Nacional Pedro Henríquez Ureña En catalogación 09.11.2022 Donado por INTEC   F996f 2023-3148 06.07.2023 06.07.2023 Libro  
    Dewey Decimal Classification Excluido de préstamo   Patrimonio Dominicano Biblioteca Nacional Pedro Henríquez Ureña Biblioteca Nacional Pedro Henríquez Ureña En catalogación 09.11.2022 Donado por INTEC   F996f 2023-3149 06.07.2023 06.07.2023 Libro e.2
    Dewey Decimal Classification Préstamo en sala   Dominicana de Servicio Biblioteca Nacional Pedro Henríquez Ureña Biblioteca Nacional Pedro Henríquez Ureña En catalogación 09.11.2022 Donado por INTEC   F996f 2023-3150 06.07.2023 06.07.2023 Libro e.2
    Dewey Decimal Classification Préstamo en sala   Dominicana de Servicio Biblioteca Nacional Pedro Henríquez Ureña Biblioteca Nacional Pedro Henríquez Ureña En catalogación 09.11.2022 Donado por INTEC   F996f 2023-3151 06.07.2023 06.07.2023 Libro e.4
    Dewey Decimal Classification Préstamo en sala   Dominicana de Servicio Biblioteca Nacional Pedro Henríquez Ureña Biblioteca Nacional Pedro Henríquez Ureña En catalogación 09.11.2022 Donado por INTEC   F996f 2023-7417 27.10.2023 27.10.2023 Libro  

Con tecnología Koha